(Easier) Insane Tune Knowledge Quiz #2 - Statistics

General Stats
  • This quiz has been taken 3 times
  • The average score is 9 of 15
Answer Stats
Hint Answer % Correct
What artist names the album based on the age they were when they wrote their album? Adele
100%
Finish the lyric, "It's my life, it's ___ __ _____" Now or never
100%
Who was the last feature on this song? Bruno Mars
67%
What artist has an album named "Overly Dedicated"? Kendrick Lamar
67%
What song first line is "I'll be your light, your match, your burning sun" Love Runs Out
67%
Who sings the song above? OneRepublic
67%
What band sang "I know someday you'll have a beautiful life, I know you'll be a star" Pearl Jam
67%
What song do the Pittsburgh Steelers normally play during the 3rd quarter of every home game? Renegade
67%
Who sang "Young, Wild & Free"? Snoop Dogg
67%
Who sings the song above? Styx
67%
Who else was on this song? Wiz Khalifa
67%
What band released songs like "Fluorescent Adolescence" "Snap Out Of It" and "I Bet You Look Good On The Dancefloor"? Arctic Monkeys
33%
Who was a feature on P!nk's hit song "Just Give Me A Reason"? Nate Ruess
33%
What band sang the song "The Adults Are Talking" The Strokes
33%
What band released the song "Tear In My Heart"? Twenty One Pilots
33%
No matching quizzes found
Score Distribution
Percent of People with Each Score
Percentile by Number Answered
Your Score History
You have not taken this quiz